Loading...
Literature - World Literature | 0 | 7 | 0 | 1 | 70 | 76 | 108.71 | 0 | 5 |
Fine Arts - Classical Music | 0 | 6 | 1 | 0 | 55 | 77 | 111.00 | 1 | 5 |
Literature - British Literature | 0 | 5 | 0 | 0 | 50 | 59 | 101.40 | 1 | 3 |
History - American History | 0 | 5 | 0 | 0 | 50 | 50 | 61.40 | 3 | 5 |
History - World History | 0 | 5 | 0 | 1 | 50 | 70 | 90.60 | 2 | 4 |
Literature - European Literature | 0 | 4 | 0 | 0 | 40 | 112 | 115.50 | 0 | 1 |
Literature - American Literature | 0 | 4 | 0 | 1 | 40 | 95 | 119.25 | 0 | 1 |
Fine Arts - Painting & Sculpture | 0 | 4 | 0 | 0 | 40 | 94 | 109.50 | 0 | 2 |
History - European History | 0 | 4 | 1 | 1 | 35 | 16 | 87.50 | 2 | 2 |
Mythology | 0 | 3 | 0 | 0 | 30 | 57 | 92.00 | 2 | 2 |
Religion | 0 | 3 | 0 | 1 | 30 | 51 | 87.00 | 1 | 2 |
History - Other History | 0 | 3 | 1 | 0 | 25 | 76 | 102.00 | 2 | 3 |
Other | 0 | 2 | 0 | 0 | 20 | 99 | 116.00 | 1 | 2 |
Science - Other Science | 0 | 2 | 0 | 1 | 20 | 119 | 121.50 | 0 | 2 |
Philosophy | 0 | 1 | 0 | 0 | 10 | 105 | 105.00 | 0 | 0 |
Science - Physics | 0 | 1 | 0 | 0 | 10 | 54 | 54.00 | 1 | 1 |
Fine Arts - Other Fine Arts | 0 | 1 | 1 | 0 | 5 | 101 | 101.00 | 0 | 1 |